Statistics for Countries Closest to Belgium - 15 Second Sprint

Click here to take the quiz!

General Stats

  • This quiz has been taken 64 times
  • The average score is 6 of 20

Answer Stats

kmcountrymiles% Correct
0Germany0
89%
0Netherlands0
89%
0France0
85%
80United Kingdom50
71%
0Luxembourg0
56%
357Austria222
33%
450Denmark280
29%
254Switzerland158
27%
622Ireland386
24%
426Italy265
22%
734Norway456
22%
658Sweden409
22%
595Poland370
11%
372Liechtenstein231
9%
657Monaco408
9%
404Czechia251
7%
785Slovakia488
4%
668Slovenia415
4%
799San Marino496
2%
731Croatia454
0%

Score Distribution

Percentile by Number Answered

Percent of People with Each Score

Your Score History

You have not taken this quiz